Statistics for Countries That Start and Having Second Letter

Click here to take the quiz!

General Stats

  • This quiz has been taken 24 times
    (17 since last reset)
  • The average score is 18 of 39

Answer Stats

HintAnswer% Correct
CountryAfghanistan
80%
CountryArgentina
80%
CountryArmenia
80%
CountryAlbania
60%
CountryAlgeria
60%
CountryAndorra
60%
CountryAngola
60%
CountryAntigua and Barbuda
60%
CountryAustralia
60%
CountryAustria
60%
CountryAzerbaijan
60%
CountryCentral African Republic
60%
CountryFederated States of Micronesia
60%
CountryIndia
60%
CountryIndonesia
60%
CountryMozambique
60%
CountryNetherlands
60%
CountryBarbados
40%
CountryCzech Republic
40%
CountryEritrea
40%
CountryGeorgia
40%
CountryKazakhstan
40%
CountryNew Zealand
40%
CountryPapua New Guinea
40%
CountryPhilippines
40%
CountrySaint Kitts and Nevis
40%
CountrySaint Vincent and the Grenadines
40%
CountrySeychelles
40%
CountrySolomon Islands
40%
CountrySouth Sudan
40%
CountryTrinidad and Tobago
40%
CountryCosta Rica
20%
CountryEquatorial Guinea
20%
CountryMyanmar
20%
CountryNorth Macedonia
20%
CountryTajikistan
20%
CountryTimor-Leste
20%
CountryTurkmenistan
20%
CountryUruguay
20%

Score Distribution

Percentile by Number Answered

Percent of People with Each Score

Your Score History

You have not taken this quiz since the last reset